LEADER 02555nam0 2200445 i 450 001 BVEE026190 005 20170908093213.0 012 $ag-l' a.ra naia QuNe (3) 1730 (Q)$2fei 100 $a20031201d1730 ||||0itac50 ba 101 | $aita 102 $ait 181 1$6z01$ai $bxxxe 182 1$6z01$an 200 1 $aAndromaca drama per musica da rappresentarsi nel nuovo Teatro del signor Domenico Valle nel carnevale dell'anno 1730. Dedicato all'eminentissimo, e reverendissimo principe il signor cardinale Niccolo' Coscia 210 $aIn Roma$cper il Zempel, e de Mey$csi vendono a Pasquino nella libraria di Pietro Leone all'insegna di S. Gio. di Dio 215 $a59, [1] p.$d12º 300 $aOpera di Apostolo Zeno (cfr.: S. Franchi, Le impressioni sceniche ..., Roma 1994, p. 437) 300 $aPubblicata probabilmente nel 1730, data del tit 300 $aMarca (leone) sul front 300 $aMusica di Francesco Feo, il cui nome figura a c. A4v 300 $aSegn.: A-B¹²C⁶. 316 $a1 v.$5IT-NA0079, L.P. Libretti A 0023 620 $aIT$dRoma$3LO1L002924 700 1$aZeno$b, Apostolo$3CFIV061668$4070$06051 712 02$aZempel, Giovanni & Mei, Giovanni de$3BVEV064902$4650 712 02$aLeone, Pietro$3RMLV036114$4650 791 02$aInsegna di San Giovanni di Dio$3BVEV060172$zLeone, Pietro 791 02$a˜Insegna di œSan Giovanni di Dio$c $3BVEV063958$zLeone, Pietro 791 02$aLeone, Francesco erede$3BVEV064108$zLeone, Pietro 791 02$aLeoni, Pietro$3BVEV139197$zLeone, Pietro 801 3$aIT$bIT-NA0079$c20031201 850 $aIT-NA0079 899 1$aBiblioteca Nazionale Vittorio Emanuele III$bNA0079$eS$uhttp://books.google.com/books?vid=IBNN:BNLP000008599 912 $aBVEE026190 921 $aSBNM000001$bMarca non controllata$cS2$dSul front. 950 0$aBiblioteca Nazionale Vittorio Emanuele III$b1 op.$c1 v.$d BNL.P. Libretti A 0023$e BNLP 0000085995 B 1 v.$fC $h20031201$i20031201 956 $aBiblioteca Nazionale Vittorio Emanuele III$b1$cBNTD$d $eBNLP 000008599$uhttp://books.google.com/books?vid=IBNN:BNLP000008599$z BNL.P. Libretti A 0023 977 $a BN 996 $aAndromaca drama per musica da rappresentarsi nel nuovo Teatro del signor Domenico Valle nel carnevale dell'anno 1730. Dedicato all'eminentissimo, e reverendissimo principe il signor cardinale Niccolo' Coscia$91480748 997 $aUNISANNIO LEADER 01023nam0-2200313---450- 001 990008297350403321 005 20151120132926.0 010 $a3-537-87662-9 035 $a000829735 035 $aFED01000829735 035 $a(Aleph)000829735FED01 035 $a000829735 100 $a20060317d2004----km-y0itay50------ba 101 0 $ager 102 $aDE 105 $aa-------001yy 200 1 $aBoden- und Wasserrecht in Shigar, Baltistan$eAutochthone Institutionen der Ressourcennutzung im Zentralen Karakorum$fSchmidt Matthias 210 $aSankt Augustin$cAsgard$d2004 215 $aXIII, 314 p.$cill.$d24 cm$e2 c. geogr. ripieg. col. 225 1 $aBonner geographische Abhandlungen$v112 610 0 $aKarakorum$aBaltistan 700 1$aSchmidt,$bMatthias$0500027 801 0$aIT$bUNINA$gRICA$2UNIMARC 901 $aBK 912 $a990008297350403321 952 $aPeriod.005(112)$bBrau ILFGE 2015/52$fILFGE 959 $aILFGE 996 $aBoden- und Wasserrecht in Shigar, Baltistan$9746391 997 $aUNINA